| Tag |
First Indicator |
Second Indicator |
Subfields |
| LEADER |
00000cam a2200000 4500 |
| 001 |
in00000063649 |
| 005 |
20151007083226.0 |
| 008 |
720615s1961 enkab b 00000 eng u |
| 035 |
|
|
|a (OCoLC)00333343
|
| 035 |
|
|
|9 AAF9050AM
|
| 040 |
|
|
|c CSU
|d TXA
|d UtOrBLW
|
| 049 |
|
|
|a TXAM
|c [345930]
|
| 090 |
|
|
|a HB3661
|b .B3 1961
|
| 092 |
|
|
|a 301.3296
|b B239e
|
| 100 |
1 |
|
|a Barbour, K. M.
|q (Kenneth Michael)
|
| 245 |
1 |
0 |
|a Essays on African population /
|c Edited by K. M. Barbour and R. M. Prothero.
|
| 264 |
|
1 |
|a London :
|b Routledge & K. Paul,
|c [1961]
|
| 264 |
|
4 |
|c [©1961]
|
| 300 |
|
|
|a x, 336p :
|b maps,tables. ;
|c 23cm.
|
| 336 |
|
|
|a text
|b txt
|2 rdacontent
|
| 337 |
|
|
|a unmediated
|b n
|2 rdamedia
|
| 338 |
|
|
|a volume
|b nc
|2 rdacarrier
|
| 504 |
|
|
|a Includes bibliographies.
|
| 651 |
|
0 |
|a Africa
|x Population.
|
| 700 |
1 |
|
|a Prothero, R. Mansell.
|
| 999 |
|
|
|a MARS
|
| 999 |
f |
f |
|s 71f19253-092e-3b52-80eb-83cb27d52fec
|i 6f1cc5fb-1731-31e6-96f7-056db2321259
|t 0
|